01360nac a22002771u 4500010001700000020001500017035002300032082002300055090001500078100003400093111008000127245027100207260008900478300003300567440004000600500006900640504005300709650003700762700002100799700001800820700003700838710005400875942001800929999001500947952012000962 a 2003282137 a0878499261 a(OCoLC)ocm5308934800a620.1a620.1bZ612 c2550d2550 a20080729 2 aChina Cross-Strait Conference on Composite Materialsd2003 :cWuhan, China)10aComposite materials III : proceedings of the 3rd China Cross-Strait Conference on Composite Materialsbproceedings of the 3rd China Cross-Strait Conference on Composite Materials, Wuhan, China, May 7-12, 2003 /cedited by Lianmeng Zhang, Jingkun Guo, Wei-Hsing Tuan. aUetikon-Zuerich, Switzerland ;aEnfield, N.H. :bTrans Tech Publications,2003c2003. axv, 503 p. :bill. ;c26 cm. 0aKey engineering materials ;vv. 249 a"Sponsored by Natural Science Foundation of China (NSFC)"--Pref. aIncludes bibliographical references and indexes. 0aComposite materialsvCongresses.1 aZhang, Lianmeng.1 aGuo, Jingkun.1 aTuan, W.-H.q(Wei-Hsing),d1958-2 aGuo jia zi ran ke xue ji jin wei yuan hui (China) cTBk620.1Z612 c2550d2550 00104070aMAINbMAINc1STd2007-02-25ePurchasel3m18o620.1 COMp000001502r2025-07-15 00:00:00s2013-06-02yBB